The authenticity project / Clare Pooley.
Available copies
- 3 of 4 copies available at LARL/NWRL Consortium. (Show)
- 2 of 2 copies available at Northwest Regional Library.
Current holds
0 current holds with 4 total copies.
Show All Copies
| Location | Call Number / Copy Notes | Barcode | Shelving Location | Status | Due Date |
|---|---|---|---|---|---|
| Godel Memorial-Warren Library | POO (Text) | 35500006793507 | Main | Available | - |
| Hallock Public Library | POO (Text) | 35500006439135 | Main | Available | - |
Record details
- ISBN: 9781984878618
- ISBN: 1984878611
- ISBN: 9781984878632
- Physical Description: 357 pages ; 25 cm
- Publisher: [New York] : Pamela Dorman Books/Viking, [2020]
Content descriptions
| Summary, etc.: | "A story about a solitary green notebook that ... Read More |
Search for related items by subject
| Subject: | Honesty > Fiction. Truthfulness and falsehood > Fiction. Notebooks > Fiction. Social acceptance > Fiction. |
| LDR | 02452cam a22003858i 4500 | ||
|---|---|---|---|
| 001 | 335162 | ||
| 003 | LARL_NWRL_CONSORTIUM | ||
| 005 | 20240618145120.0 | ||
| 008 | 190729s2020 nyu 000 1 eng | ||
| 010 | . | ‡a 2019030464 | |
| 040 | . | ‡aDLC ‡beng ‡erda ‡cDLC ‡dBDX ‡dCMI ‡dOCLCO ‡dCHY ‡dUAP | |
| 020 | . | ‡a9781984878618 ‡q(hardcover) | |
| 020 | . | ‡a1984878611 ‡q(hardcover) | |
| 020 | . | ‡a9781984878632 | |
| 020 | . | ‡z9781984878625 ‡q(ebook) | |
| 035 | . | ‡a(OCoLC)1111640887 | |
| 042 | . | ‡apcc | |
| 082 | 0 | 0. | ‡a823/.92 ‡223 |
| 100 | 1 | . | ‡aPooley, Clare, ‡eauthor. |
| 245 | 1 | 4. | ‡aThe authenticity project / ‡cClare Pooley. |
| 264 | 1. | ‡a[New York] : ‡bPamela Dorman Books/Viking, ‡c[2020] | |
| 300 | . | ‡a357 pages ; ‡c25 cm | |
| 336 | . | ‡atext ‡btxt ‡2rdacontent | |
| 337 | . | ‡aunmediated ‡bn ‡2rdamedia | |
| 338 | . | ‡avolume ‡bnc ‡2rdacarrier | |
| 520 | . | ‡a"A story about a solitary green notebook that brings together six strangers and leads to unexpected friendship, and even love--think Eleanor Oliphant Is Completely Fine meets Love, Actually "Everybody lies about their lives. What would happen if you shared the truth?" This is the question that Julian Jessop, an eccentric, seventy-nine-year-old artist, poses within a pale green exercise book that he labels The Authenticity Project, before leaving it behind in Monica's Café. When Monica discovers Julian's abandoned notebook, not only does she add her own story to the book, she is determined to find a way to help Julian feel less lonely. And so it goes with the others who find the green notebook that will soon contain their deepest selves. It will also knit the group together In Real Life at Monica's Cafe, where they'll discover the thrill and sometime-risk of being completely honest--and, for some, find unexpected love. With a cast of characters who are by turns quirky and funny, heartbreakingly sad and painfully true-to-life, The Authenticity Project is a novel readers will take to their hearts and read with unabashed pleasure"-- ‡cProvided by publisher. | |
| 650 | 0. | ‡aHonesty ‡vFiction. | |
| 650 | 0. | ‡aTruthfulness and falsehood ‡vFiction. ‡0(LARL_NWRL_CONSORTIUM)175419 | |
| 650 | 0. | ‡aNotebooks ‡vFiction. | |
| 650 | 0. | ‡aSocial acceptance ‡vFiction. | |
| 776 | 0 | 8. | ‡iOnline version: ‡aPooley, Clare, ‡tThe authenticity project ‡dNew York : Pamela Dorman Books/Viking, [2020] ‡z9781984878625 ‡w(DLC) 2019030465 |
| 901 | . | ‡a335162 ‡bOCoLC ‡c335162 ‡tbiblio ‡soclc | |

Add to basket
Permalink
Disable Highlighting